Pokémon Super Mystery Dungeon: Dungeons - Statistics

General Stats
  • This quiz has been taken 11 times
  • The average score is 28 of 116
Answer Stats
Continent Dungeon % Correct
Poliwrath River
75%
* Red Point
63%
* Yellow Point
63%
Ancient Barrow
50%
* Distress Mountain
50%
Drilbur Coal Mine
50%
Nectar Meadow
50%
Water Open Pass
50%
School Forest
50%
Tree of Life: Roots
50%
Tree of Life: Trunk
50%
Berry Forest
38%
* Blue Point
38%
Elegant Gorge
38%
Foreboding Forest
38%
Forest of Bounty
38%
Frosty Tree Steps
38%
Gentle Slope Cave
38%
Ghost Island
38%
Glittering Mountain
38%
Lush Forest
38%
Moonlit Cave
38%
Mysterious Plains
38%
Air Mystical Forest
38%
Peewee Meadow
38%
* Pledge Hill
38%
Prehistoric Ruins
38%
Rough Tunnel
38%
Sheer Mountain Range
38%
Showdown Mountain
38%
Small Sand Dune
38%
Spring of Resolve
38%
Submerged Cave
38%
Super Apple Forest
38%
World Tree
38%
Bustling Valley
25%
Cave of Training
25%
Mystery * Destiny Tower
25%
Electric Wasteland
25%
Sea of Wonders * Fire Island Volcano
25%
Headwater Hollow
25%
* Heart Lake
25%
Leafy Highlands
25%
Longfield Cave
25%
Maze Meadow
25%
* Mysterious Geoglyph
25%
Grass * Mystery Jungle
25%
Odd Field
25%
* Prism Bridge
25%
Purifying Cave
25%
Rolling Pass
25%
Serpentine Mountain Trail
25%
Spiral Vortex
25%
Stone Field
25%
Sunbathed Garden
25%
* Triangle Temple
25%
Uprise Range
25%
Waterfall Basin Grotto
25%
Abundant Pass
13%
* Altar of Ice
13%
* Altar of Ice: Depths
13%
* Apex Mountain
13%
* Aurora's Edge
13%
Buried Ruins
13%
Cape of Wonders
13%
Clear Lake
13%
Crystalline Maze
13%
Deep Ocean Tunnel
13%
* Dragon Gate
13%
Flagstone Cave
13%
Forest of Fairies
13%
Fossil Excavation
13%
Freedom Coast
13%
Fresh Meadow
13%
Friendly Meadow
13%
Frozen Falls
13%
Frozen Mountain
13%
Giant Stone Meadow
13%
Golden Suite
13%
Gooey Bog
13%
Hall of Magic
13%
Hidden Cave
13%
Holey Meadow
13%
* Island of Isolation
13%
* Island of Storms
13%
Isle of Light
13%
Jewel Road
13%
Mist Lake of Enlightenment
13%
Little Canyon
13%
* Magma Chamber
13%
* Meteorite Crater
13%
Midnight Sun Gorge
13%
* Ocean Tempest
13%
Path of Fallen Leaves
13%
Pumpkaboo Forest
13%
Road to Primeval Forest
13%
Sacred Ruins
13%
Sand Sand Dune of Spirits
13%
Sandy Cave
13%
* Seafloor Ruins
13%
* Sea Shrine
13%
Secret Quarry
13%
* Sky Ruins
13%
Snowy Cave
13%
Stealth Cavern
13%
Stone Tree Mountain
13%
Sunny Spot Hill
13%
Temple Remains
13%
Thirsty Desert
13%
Thorny Shadow Path
13%
Thrash Dungeon
13%
Valley of Strong Winds
13%
Yellow Sand Labyrinth
13%
* Zero Isle
13%
Guidance Ruins
0%
Lake of Mysterious Light
0%
No matching quizzes found
Score Distribution
Percent of People with Each Score
Percentile by Number Answered
Your Score History
You have not taken this quiz